01851nkc a2200277za 450000100060000000300040000600500170001000700070002700800410003404000240007524501540009924600640025326000350031730000960035250003160044850003320076450000880109654400760118460000190126061000510127965100180133065500350134871000280138385200120141185601500142384582OSt20260423160512.0kh boc250410s1909 sp ||||| ||||||0| i|spa d cM-RABAaM-RABAbspa00aD. Fernando en el cerco de Jaén admite besar la mano al Rey moro de Granada quien le entrega Jaénh[Material gráfico]c/ José Guerra García aMuhámmad ibn Nasr ante Fernando III en el cerco de Jaén b[Hauser y Menet]c, [ca. 1909] a1 fotografía b: gelatina de platac; imagen 15 x 14 cm c; soporte secundario 30 x 24 cm aFotografía del relieve "Muhámmad ibn Nasr ante Fernando III en el cerco de Jaén" de José Guerra García, obteniendo el primer premio de la Academia en Escultura, de segunda clase en el año 1778. Se conserva en el Museo de la Real Academia de Bellas Artes de San Fernando con nº de inventario E-139. aMontada sobre un soporte secundario de cartón, con texto manuscrito a lápiz en la parte inferior al recto: "D. Fernando en el cerco de Jaén admite besar la mano al Rey moro de Granada quien le entrega Jaén. 1778-2ª clase. 1º premio de la 2ª clase José Guerra". Nota manuscrita al verso a lápiz: "1778-2ª clase". aFecha probable de la realización de la fotografía realizada por Hauser y Menet. aArchivo de la Real Academia de Bellas Artes de San Fernando (Le-4-29-1)17aGuerra, José24aReal Academia de Bellas Artes de San Fernando. 7aMadrid2embne 7aFotografías de obras de arte2 aHauser y Menet (Madrid) jFot-608 3Fot-608uhttps://archivoybiblioteca.realacademiabellasartessanfernando.com/cgi-bin/koha/opac-retrieve-file.pl?id=a6d81a4f82ca88607058eb332b228716